[Event "GRENKE Chess Classic"]
[Site "Karlsruhe"]
[Date "26.03.2024"]
[Round "1"]
[White "Rapport, Richard"]
[Black "Carlsen, Magnus"]
[Result "1-0"]
[WhiteTitle "GM"]
[BlackTitle "GM"]
[WhiteElo "2720"]
[BlackElo "2830"]
[WhiteFideId "738590"]
[BlackFideId "1503014"]
[EventDate "2024.03.26"]

1. e4 c6 2. d4 d5 3. e5 Bf5 4. h4 h5 5. Bd3 Bxd3 6. Qxd3 Qa5+ 7. c3 e6 8. a4 c5
9. dxc5 Qxc5 10. Nf3 Qc7 11. Na3 Bxa3 12. Rxa3 Nd7 13. O-O Ne7 14. Re1 Rc8 15.
Qd1 a6 16. Bg5 Ng6 17. a5 O-O 18. Ra4 Rce8 19. Rd4 Ndxe5 20. Nxe5 Nxe5 21. Bf4
f6 22. Qxh5 Qf7 23. Qxf7+ Nxf7 24. Bh2 Kh7 25. g4 Nd8 26. Bd6 Rg8 27. Rb4 Nc6
28. Rxb7 Nxa5 29. Rd7 Nc4 30. b3 Nd2 31. Re2 Nxb3 32. Be7 Kh6 33. Kf1 e5 34. Rb2
Na5 35. Rb6 Nc4 36. Rxa6 Ra8 37. Rxa8 Rxa8 38. Rxd5 Ra2 39. Bc5 Rc2 40. Rd3 Nd2+
41. Rxd2 1-0

[Event "GRENKE Chess Classic"]
[Site "Karlsruhe"]
[Date "26.03.2024"]
[Round "1"]
[White "Vachier-Lagrave, Maxime"]
[Black "Ding, Liren"]
[Result "1/2-1/2"]
[WhiteTitle "GM"]
[BlackTitle "GM"]
[WhiteElo "2728"]
[BlackElo "2762"]
[WhiteFideId "623539"]
[BlackFideId "8603677"]
[EventDate "2024.03.26"]

1. d4 Nf6 2. Bf4 d5 3. e3 c5 4. Nf3 e6 5. c3 Bd6 6. Ne5 Nc6 7. Nd2 Qc7 8. Bb5
O-O 9. Bxc6 bxc6 10. O-O Ba6 11. Re1 Ne4 12. Nxe4 dxe4 13. Qg4 Rae8 14. b3 f6
15. Nc4 Bxf4 16. Qxf4 Qxf4 17. exf4 Bxc4 18. bxc4 cxd4 19. Rxe4 dxc3 20. Re3 c2
21. Rc3 e5 22. fxe5 Rxe5 23. Rxc2 Kf7 24. g3 Rfe8 25. Kf1 R8e7 26. Rb1 Kg6 27.
Rb8 Re1+ 28. Kg2 R1e2 29. Rxe2 Rxe2 30. Rc8 Rxa2 31. Rxc6 a5 32. Ra6 Rc2 33.
Rxa5 Rxc4 34. h4 h5 35. Ra6 Rb4 36. Ra5 Rc4 37. Ra6 Rb4 38. Ra5 Rc4 1/2-1/2

[Event "GRENKE Chess Classic"]
[Site "Karlsruhe"]
[Date "26.03.2024"]
[Round "2"]
[White "Fridman, Daniel"]
[Black "Carlsen, Magnus"]
[Result "0-1"]
[WhiteTitle "GM"]
[BlackTitle "GM"]
[WhiteElo "2590"]
[BlackElo "2830"]
[WhiteFideId "11600454"]
[BlackFideId "1503014"]
[EventDate "2024.03.26"]

1. d4 Nf6 2. Nf3 b6 3. g3 Bb7 4. Bg2 g6 5. c4 Bg7 6. O-O O-O 7. d5 Na6 8. Nc3
Nc5 9. Nd4 e5 10. Nb3 d6 11. Nxc5 bxc5 12. a3 Nd7 13. e4 f5 14. b4 Ba6 15. Qd3
Bc8 16. Na4 Nf6 17. f3 cxb4 18. axb4 f4 19. Nc3 g5 20. g4 h5 21. h3 hxg4 22.
hxg4 Nxg4 23. fxg4 Bxg4 24. Bh3 Qd7 25. Bxg4 Qxg4+ 26. Kf2 Qh4+ 27. Ke2 g4 28.
Kd1 f3 29. Kc2 f2 30. Qe2 Rf3 31. Be3 Raf8 32. Rxa7 g3 33. Ra8 Rxa8 34. Qxf3 Qh3
35. Rh1 Rf8 36. Rxh3 Rxf3 37. Bxf2 Rxf2+ 38. Kb3 g2 39. Rg3 Kf7 40. c5 Bf8 41.
Kc4 Bh6 42. b5 dxc5 43. d6 cxd6 44. b6 Rb2 45. b7 Rb4+ 46. Kd5 Rxb7 47. Rxg2 Rb6
48. Ra2 Rb3 49. Ra7+ Kf6 50. Kc4 Rb4+ 51. Kd5 Bd2 52. Ne2 Rb3 53. Ra2 Bb4 54.
Kxd6 Rd3+ 55. Kc6 Kg5 56. Kb5 Kg4 57. Kc4 Rd1 58. Rc2 Kf3 59. Nc1 Kxe4 60. Nb3
Rd3 61. Re2+ Re3 62. Nc1 Rxe2 63. Nxe2 Kf3 64. Ng1+ Kg2 65. Ne2 Kf2 66. Nc1 e4
67. Kd5 e3 68. Nd3+ Kf1 0-1

[Event "GRENKE Chess Classic"]
[Site "Karlsruhe"]
[Date "26.03.2024"]
[Round "2"]
[White "Keymer, Vincent"]
[Black "Vachier-Lagrave, Maxime"]
[Result "1/2-1/2"]
[WhiteTitle "GM"]
[BlackTitle "GM"]
[WhiteElo "2738"]
[BlackElo "2728"]
[WhiteFideId "12940690"]
[BlackFideId "623539"]
[EventDate "2024.03.26"]

1. d4 d5 2. c4 dxc4 3. e4 e5 4. Nf3 Bb4+ 5. Bd2 Bxd2+ 6. Nbxd2 exd4 7. Bxc4 Nc6
8. O-O Nge7 9. Ng5 Ne5 10. Bb3 N7c6 11. f4 Bg4 12. Bxf7+ Nxf7 13. Qxg4 Nxg5 14.
fxg5 Qc8 15. Qg3 Qd7 16. g6 O-O-O 17. Rf7 Qd6 18. Qxd6 Rxd6 19. gxh7 Rxh7 20.
Raf1 b6 21. Rc1 Rd7 22. Rxd7 Kxd7 23. Nf3 Rh5 24. Rd1 Ke6 25. Kf2 Rc5 26. Ke2
Rc2+ 27. Rd2 Rc1 28. a3 a5 29. h4 g6 30. Kf2 Ne5 31. Nxd4+ Kf6 32. Ne2 Rb1 33.
Nc3 Rxb2 34. Nd5+ Kf7 35. Rxb2 Nd3+ 36. Kf3 Nxb2 37. Nxc7 Nc4 38. Nb5 a4 39. Kf4
Ke6 40. g4 Kf6 41. h5 g5+ 42. Kf3 Ne5+ 43. Kg3 Nc4 44. Nc3 Kf7 45. Nxa4 b5 46.
Nc5 Nxa3 47. e5 Nc4 48. Ne4 Nxe5 49. Nd6+ Ke6 50. Nxb5 Nf7 51. Nd4+ Ke5 52. Nf5
Ke4 53. Ne7 Nh6 54. Nc6 Nf7 55. Nb8 Ke3 56. Nd7 Ke4 57. Nc5+ Ke3 58. Ne6 Ke4 59.
Nc7 Nh6 60. Ne8 Nf7 61. Nf6+ Ke5 62. Ng8 Ke4 63. h6 Ke5 64. Kf3 Ke6 65. h7 Nh8
66. Ke4 Kf7 67. Kf5 Kg7 68. Ne7 Nf7 69. Ke6 Nd8+ 70. Kd7 Nf7 71. Ke6 Nd8+ 1/2-1/2

[Event "GRENKE Chess Classic"]
[Site "Karlsruhe"]
[Date "27.03.2024"]
[Round "3"]
[White "Vachier-Lagrave, Maxime"]
[Black "Fridman, Daniel"]
[Result "0-1"]
[WhiteElo "2728"]
[BlackElo "2590"]
[EventDate "2024.03.26"]

1. e4 e6 2. d4 d5 3. e5 c5 4. c3 Qb6 5. Nf3 Nc6 6. a3 Nh6 7. Bd3 cxd4 8.
O-O Bd7 9. b4 Rc8 10. h3 a6 11. Bb2 Nf5 12. Bxf5 exf5 13. cxd4 Na5 14. Nc3
Nc4 15. Bc1 Qc6 16. Re1 Be7 17. Bg5 Bxg5 18. Nxg5 O-O 19. Ne2 h6 20. Nf3
Nb2 21. Qb1 Qc2 22. Nf4 Be6 23. a4 g5 24. Ra2 Qxb1 25. Rxb1 gxf4 26. Rbxb2
Rc1+ 27. Kh2 Rfc8 28. Ng1 Rf1 29. Ne2 f3 30. gxf3 Rxf2+ 31. Kg3 Rf1 32. b5
a5 33. Rc2 Rc4 34. Rxc4 dxc4 35. Nc3 Rc1 36. Ra3 Rc2 37. d5 Bd7 38. d6 Be6
39. Nd5 Kf8 40. Rc3 Re2 41. Ne3 Ra2 42. Kf4 Rxa4 43. Nxf5 Ra1 44. Nd4 Bd5
45. Nc2 Rb1 46. Na3 Rb3 47. Rxb3 cxb3 48. Ke3 Ke8 49. f4 Be6 50. h4 b2 51.
Kd4 Bf5 52. Kc5 Kd7 53. Kb6 a4 54. Ka5 Bc2 0-1

[Event "GRENKE Chess Classic"]
[Site "Karlsruhe"]
[Date "27.03.2024"]
[Round "3"]
[White "Carlsen, Magnus"]
[Black "Ding, Liren"]
[Result "1/2-1/2"]
[WhiteElo "2830"]
[BlackElo "2762"]
[EventDate "2024.03.26"]

1. d4 Nf6 2. c4 e6 3. Nf3 d5 4. cxd5 exd5 5. Nc3 c6 6. Bf4 Bf5 7. e3 Nbd7
8. Nh4 Be4 9. f3 Bg6 10. g4 Be7 11. Nxg6 hxg6 12. Qc2 Nf8 13. O-O-O Ne6 14.
Bg3 Bd6 15. Be1 Qc7 16. Kb1 O-O-O 17. h4 Kb8 18. Rg1 a6 19. Rg2 g5 20. h5
c5 21. dxc5 Bxc5 22. Na4 Bxe3 23. Qb3 d4 24. Rc2 Qd6 25. Ba5 Qd5 26. Bxd8
Qxb3 27. axb3 Rxd8 28. Nc5 Nd5 29. Bd3 Nb4 30. Nxe6 fxe6 31. Rc5 Rd5 32.
Rc4 a5 33. Be4 Rd6 34. Rc5 b6 35. Rc4 e5 36. Rxb4 axb4 37. Kc2 d3+ 38. Rxd3
Rxd3 39. Kxd3 Bc1 40. Kc4 Kc7 41. Kd5 Kd7 42. Kxe5 Ke7 43. Kf5 Bd2 44. Kg6
Kf8 45. Bd5 Bc1 46. Bc4 Bd2 47. Bd5 Bc1 48. Bc4 Bd2 1/2-1/2

[Event "GRENKE Chess Classic"]
[Site "Karlsruhe"]
[Date "27.03.2024"]
[Round "3"]
[White "Rapport, Richard"]
[Black "Keymer, Vincent"]
[Result "1/2-1/2"]
[WhiteElo "2720"]
[BlackElo "2738"]
[EventDate "2024.03.26"]

1. e4 e5 2. Nf3 Nc6 3. Bc4 Nf6 4. d3 Bc5 5. c3 a6 6. Nbd2 O-O 7. Bb3 d6 8.
Nf1 Be6 9. Ng3 h6 10. O-O Bxb3 11. axb3 Re8 12. b4 Bb6 13. Re1 Ne7 14. Nh4
Qd7 15. h3 Rad8 16. Qf3 Kh7 17. Nhf5 Nxf5 18. Nxf5 Ng8 19. c4 Re6 20. Be3
Bxe3 21. Qxe3 Ne7 22. Nxe7 Rxe7 23. Ra5 Rde8 24. Rea1 c6 25. Qb6 Re6 26.
Qe3 Rg6 27. Kh2 f5 28. Rd1 Qf7 29. b3 Rf8 30. f3 f4 31. Qf2 Rg3 32. d4 Qh5
33. dxe5 dxe5 34. Rd6 Re8 35. Ra2 Re7 36. Rad2 Qh4 37. Qf1 Rg5 38. Qf2 Rg3
39. Qf1 Rg5 40. c5 Qg3+ 41. Kh1 Qh4 42. Rd7 Rg6 43. R7d6 Ree6 44. Qd1 Qg5
45. Kg1 Qg3 46. Rxe6 Rxe6 47. Rd6 Rg6 48. Rxg6 Qxg6 49. Qd7 Qg3 50. Kf1 Qh2
51. Qf5+ Kh8 52. Qf8+ Kh7 53. Qf5+ Kh8 54. Qxe5 Qh1+ 55. Kf2 Qc1 56. Qd4
Qc2+ 57. Kg1 Qb1+ 58. Kh2 Qe1 59. Qd8+ Kh7 60. Qd3 Qg3+ 61. Kh1 Qe1+ 62.
Kh2 Qg3+ 63. Kg1 Qe1+ 64. Kh2 Qg3+ 1/2-1/2

[Event "GRENKE Chess Classic"]
[Site "Karlsruhe"]
[Date "27.03.2024"]
[Round "4"]
[White "Rapport, Richard"]
[Black "Fridman, Daniel"]
[Result "1-0"]
[WhiteElo "2720"]
[BlackElo "2590"]
[EventDate "2024.03.26"]

1. e4 e6 2. d3 c5 3. g3 Nc6 4. Bg2 g6 5. f4 Bg7 6. Nf3 Nge7 7. O-O O-O 8.
c3 d6 9. a4 b6 10. Na3 Rb8 11. Be3 Ba6 12. Bf2 Qd7 13. Re1 Rbd8 14. d4 cxd4
15. cxd4 Nb4 16. Nb5 Rc8 17. Re2 Bxb5 18. axb5 Qxb5 19. Rxa7 Nd3 20. Bf1
Rc1 21. Qd2 Nc6 22. Ra3 Ncb4 23. Ne1 Nxe1 24. Qxc1 Nbd3 25. Rxe1 1-0

[Event "GRENKE Chess Classic"]
[Site "Karlsruhe"]
[Date "27.03.2024"]
[Round "4"]
[White "Carlsen, Magnus"]
[Black "Vachier-Lagrave, Maxime"]
[Result "1/2-1/2"]
[WhiteElo "2830"]
[BlackElo "2728"]
[EventDate "2024.03.26"]

1. e4 c5 2. Nf3 d6 3. Nc3 Nf6 4. Be2 e5 5. Bc4 Be7 6. d3 Nc6 7. Bg5 Nd7 8.
Bxe7 Qxe7 9. Nd5 Qd8 10. h4 h6 11. c3 Nf6 12. Nd2 O-O 13. Nxf6+ Qxf6 14.
Nf1 Kh8 15. Ne3 Qg6 16. g4 Nd8 17. Qf3 Bd7 18. g5 Ne6 19. gxh6 gxh6 20. Nd5
f5 21. O-O-O b5 22. Rhg1 Qh7 23. Bb3 c4 24. Bc2 fxe4 25. Qxe4 Qxe4 26. dxe4
Be8 27. f4 Bh5 28. Rd2 exf4 29. Nc7 Rg8 30. Rxg8+ Rxg8 31. Nxe6 Rg1+ 32.
Bd1 Rf1 33. Rxd6 f3 34. Nf4 Bg4 35. Ng6+ Kg7 36. Kc2 h5 37. Ne5 f2 38. Rg6+
Kh7 39. Rf6 Bxd1+ 40. Kd2 Bg4 41. Ke3 Re1+ 42. Kxf2 Rxe4 43. Nxg4 Rxg4 44.
Rf5 Kg6 45. Rxb5 Rxh4 46. Kg3 Rg4+ 47. Kh3 Re4 48. a4 a6 49. Ra5 Re6 50.
Kh4 Re4+ 51. Kg3 Re6 52. Rc5 Rb6 53. Rxc4 Rxb2 54. Rc6+ Kf7 55. Rxa6 Ke7
56. Kf4 h4 57. Ke5 h3 58. Ra7+ Kd8 59. Rh7 h2 60. c4 Rd2 61. c5 Kc8 62. a5
Rd1 63. Rxh2 Kb7 64. Rh6 Re1+ 65. Kd6 Rd1+ 66. Ke7 Kc7 67. a6 Ra1 68. Rf6
Ra5 69. c6 Rxa6 70. Re6 Rxc6 71. Rxc6+ Kxc6 1/2-1/2

[Event "GRENKE Chess Classic"]
[Site "Karlsruhe"]
[Date "27.03.2024"]
[Round "4"]
[White "Ding, Liren"]
[Black "Keymer, Vincent"]
[Result "1/2-1/2"]
[WhiteElo "2762"]
[BlackElo "2738"]
[EventDate "2024.03.26"]

1. d4 Nf6 2. c4 e6 3. Nc3 Bb4 4. Nf3 d6 5. Qc2 O-O 6. Bd2 b6 7. e4 c5 8. a3
Bxc3 9. Bxc3 cxd4 10. Nxd4 e5 11. Nf5 Bxf5 12. exf5 Nc6 13. O-O-O Rc8 14.
Qd3 Qc7 15. Qxd6 Qxd6 16. Rxd6 Ne4 17. Rd7 Nxc3 18. bxc3 Rfd8 19. Rxd8+
Nxd8 20. Be2 Kf8 21. Rd1 Ke7 22. Rd5 f6 23. Kc2 Nb7 24. Kb3 Nc5+ 25. Kb4
Rd8 26. a4 Ne4 27. f3 a5+ 28. Kb3 Nc5+ 29. Ka3 Rd6 30. Bd1 Na6 31. Bc2 Nc7
32. Rxd6 Kxd6 33. Be4 Na6 34. g4 Nc5 35. h4 h5 36. gxh5 Ke7 37. Bc6 e4 38.
fxe4 Kd6 39. Bd5 Ke5 40. Bc6 Nxe4 41. Bxe4 Kxe4 42. Kb3 Kxf5 43. c5 bxc5
44. Kc4 Ke4 45. Kxc5 f5 46. c4 f4 47. Kb6 f3 48. c5 f2 49. c6 f1=Q 50. c7
Qf5 51. Kb7 Qd7 52. Kb8 Qd6 53. Kb7 Qd7 54. Kb8 Qxa4 55. c8=Q Qd4 56. Qg4+
Kd5 57. Qd7+ Ke4 58. Qg4+ Kd5 59. Qd7+ Ke4 1/2-1/2

[Event "GRENKE Chess Classic"]
[Site "Karlsruhe"]
[Date "28.03.2024"]
[Round "5"]
[White "Vachier-Lagrave, Maxime"]
[Black "Rapport, Richard"]
[Result "1-0"]
[WhiteElo "2728"]
[BlackElo "2720"]
[EventDate "2024.03.26"]

1. e4 e6 2. d4 d5 3. Nc3 Bb4 4. e5 c5 5. a3 Bxc3+ 6. bxc3 Ne7 7. Qg4 Qc7 8.
Bd3 Qa5 9. Bd2 c4 10. Be2 Rg8 11. a4 Nbc6 12. Nf3 Bd7 13. O-O h6 14. Rfb1
O-O-O 15. Rb5 Qc7 16. Qf4 g5 17. Qxf7 Nf5 18. g4 Rdf8 19. Qh5 Be8 20. Qh3
h5 21. Nxg5 hxg4 22. Bxg4 Qe7 23. f4 Rh8 24. Qg2 Nd8 25. Rbb1 Bg6 26. Rf1
Kb8 27. Bc1 Rfg8 28. Kf2 Nh4 29. Qg3 Bxc2 30. Ke1 Bd3 31. Rg1 Ka8 32. Qf2
Nf5 33. Ba3 Qd7 34. Bd1 Nc6 35. Kd2 Rg6 36. Kc1 Qc7 37. h3 Qa5 38. Qd2 b5
39. axb5 Rb8 40. Bb2 Qxb5 41. Ba4 Qb7 42. Kd1 Na5 43. Ba3 Qh7 44. Bb4 Qh5+
45. Kc1 Rxb4 46. cxb4 Nxd4 47. Kb2 Nab3 48. Bxb3 Nxb3 49. Qf2 d4 50. Ra3
Qe2+ 51. Qxe2 Bxe2 52. Rxb3 cxb3 53. Kxb3 Kb7 54. Nf3 Rh6 55. Nxd4 Rxh3+
56. Kb2 Rh2 57. Kc3 Rh3+ 58. Kc2 Rh2 59. Rg7+ Kb6 60. Nxe2 Rxe2+ 61. Kd3
Rf2 62. Ke3 Rb2 63. Rg6 Rb3+ 64. Kf2 Rxb4 65. Rxe6+ Kc5 66. Kf3 a5 67. Ra6
a4 68. e6 Kd5 69. f5 a3 70. e7 1-0

[Event "GRENKE Chess Classic"]
[Site "Karlsruhe"]
[Date "28.03.2024"]
[Round "5"]
[White "Keymer, Vincent"]
[Black "Carlsen, Magnus"]
[Result "0-1"]
[WhiteElo "2738"]
[BlackElo "2830"]
[EventDate "2024.03.26"]

1. d4 Nf6 2. c4 e6 3. Nc3 c5 4. d5 exd5 5. cxd5 d6 6. Nf3 g6 7. Bf4 Bg7 8.
Qa4+ Bd7 9. Qb3 b5 10. Bxd6 Qb6 11. Be5 O-O 12. e3 c4 13. Qd1 b4 14. Nb1
Bb5 15. a4 Ba6 16. Nbd2 Rc8 17. Rc1 c3 18. bxc3 Bxf1 19. Kxf1 Nbd7 20. Bxf6
Nxf6 21. cxb4 Qa6+ 22. b5 Rxc1 23. Qxc1 Qxa4 24. g3 Qxb5+ 25. Kg2 Qxd5 26.
Qc4 a5 27. Ra1 Qxc4 28. Nxc4 a4 29. Nb6 Nd5 30. Rxa4 Nxb6 31. Rb4 Nd5 32.
Rb7 h6 33. Rd7 Nc3 34. Rd2 Bf6 35. h4 Ra2 36. Rxa2 Nxa2 37. Ne1 Nb4 38. Nf3
Bc3 39. Ng1 Kg7 40. Kf3 Kf6 41. Ne2 Be5 42. Ng1 Ke6 43. Ne2 Kd5 44. Ng1 Nd3
45. Ke2 Nc1+ 46. Kd2 Na2 47. Kd3 Nc3 48. Nf3 Ne4 49. Ke2 Bg7 50. Ne1 Kc4
51. Kf3 Nc3 52. Kg2 Nd5 53. Kf1 Bc3 54. Nf3 Kd3 55. Ng1 Nf6 56. Nh3 Be5 57.
Ng1 Ne4 58. Kg2 f5 59. Nh3 g5 60. hxg5 hxg5 61. f4 g4 62. fxe5 gxh3+ 63.
Kxh3 Ng5+ 64. Kh4 Nf3+ 65. Kh5 Nxe5 66. Kg5 Ke4 0-1

[Event "GRENKE Chess Classic"]
[Site "Karlsruhe"]
[Date "28.03.2024"]
[Round "5"]
[White "Fridman, Daniel"]
[Black "Ding, Liren"]
[Result "1/2-1/2"]
[WhiteElo "2590"]
[BlackElo "2762"]
[EventDate "2024.03.26"]

1. Nf3 Nf6 2. g3 d5 3. Bg2 c5 4. O-O e6 5. c4 d4 6. e3 Nc6 7. d3 h6 8. exd4
cxd4 9. Bf4 Nd7 10. Re1 Be7 11. Na3 O-O 12. Nc2 Re8 13. Be5 Ncxe5 14. Nxe5
Nxe5 15. Rxe5 Bd7 16. Re4 Qc7 17. Nxd4 Rad8 18. Qb3 Bc6 19. Nxc6 bxc6 20.
d4 Rd7 21. Rd1 Red8 22. d5 cxd5 23. cxd5 Rxd5 24. Rxd5 Rxd5 25. Rc4 Rc5 26.
Rxc5 Bxc5 27. Qb5 g6 28. Bf3 Qe5 29. Qe2 Qd4 30. Kg2 h5 31. h4 Kg7 32. a3
a5 33. b4 axb4 34. axb4 Qxb4 35. Qe5+ Kg8 36. Qe4 Qb2 37. Qe2 Qd4 38. Bc6
Kg7 39. Bf3 e5 40. Bc6 f5 41. Bb7 e4 42. Bc6 Kf6 43. Bb7 g5 44. hxg5+ Kxg5
45. Bc6 Qd3 46. f4+ exf3+ 47. Bxf3 Qxe2+ 1/2-1/2

[Event "GRENKE Chess Classic"]
[Site "Karlsruhe"]
[Date "28.03.2024"]
[Round "6"]
[White "Fridman, Daniel"]
[Black "Keymer, Vincent"]
[Result "1/2-1/2"]
[WhiteElo "2590"]
[BlackElo "2738"]
[EventDate "2024.03.26"]

1. Nf3 Nf6 2. g3 b5 3. Bg2 Bb7 4. Na3 a6 5. c4 bxc4 6. Nxc4 e6 7. O-O Be7
8. d3 c5 9. Qb3 Ra7 10. Qb6 Qxb6 11. Nxb6 Nc6 12. b3 d6 13. Bb2 e5 14. Nd2
Nb4 15. a3 Nbd5 16. Nxd5 Nxd5 17. e3 f6 18. d4 cxd4 19. exd4 Kf7 20. Nc4
Nc7 21. dxe5 dxe5 22. f4 exf4 23. Rxf4 Ne6 24. Rff1 Rd8 25. b4 Bxg2 26.
Kxg2 Rc7 27. Rac1 Rdc8 28. Ne5+ Ke8 29. Rxc7 Rxc7 30. Nd3 Kd7 31. Rf2 Bd6
32. Rd2 Ke7 33. Nc1 Rc4 34. Nb3 Bc7 35. Nd4 Nxd4 36. Bxd4 Bd6 37. Kf3 h5
38. h3 Rc1 39. Rd3 Ke6 40. Be3 Rh1 41. Kg2 Ra1 42. Bf4 Bxf4 43. gxf4 Kf5
44. Kf3 Rf1+ 45. Kg2 Ke4 46. Rd6 Rb1 47. Rxa6 Kxf4 48. h4 Rb2+ 49. Kf1 Kf3
50. Ke1 Kg4 51. Kd1 Kxh4 52. Kc1 Re2 53. b5 Kg3 54. b6 Re8 55. a4 h4 56.
Ra7 Rg8 57. a5 h3 58. Rd7 h2 59. Rd3+ Kh4 60. Rd4+ Kh3 61. Rd3+ Kh4 62.
Rd4+ Kh3 63. Rd3+ Kh4 1/2-1/2

[Event "GRENKE Chess Classic"]
[Site "Karlsruhe"]
[Date "28.03.2024"]
[Round "6"]
[White "Carlsen, Magnus"]
[Black "Rapport, Richard"]
[Result "1-0"]
[WhiteElo "2830"]
[BlackElo "2720"]
[EventDate "2024.03.26"]

1. d4 Nf6 2. c4 e6 3. Nf3 c5 4. d5 d6 5. Nc3 exd5 6. cxd5 g6 7. h3 Bg7 8.
e4 O-O 9. Be3 Re8 10. Nd2 a6 11. a4 Nxe4 12. Ncxe4 f5 13. Be2 fxe4 14. Nc4
a5 15. Bf4 Bf8 16. Ra3 Na6 17. O-O Nb4 18. Qd2 b6 19. Rg3 Ra7 20. h4 Rf7
21. Bg5 Be7 22. Bxe7 Qxe7 23. h5 Bf5 24. Bg4 Bxg4 25. Rxg4 Rg7 26. Re1 gxh5
27. Rgxe4 Qxe4 28. Rxe4 Rxe4 29. Nxd6 Re5 30. f4 Rxd5 31. Qe2 h6 32. Qe6+
1-0

[Event "GRENKE Chess Classic"]
[Site "Karlsruhe"]
[Date "28.03.2024"]
[Round "6"]
[White "Ding, Liren"]
[Black "Vachier-Lagrave, Maxime"]
[Result "1/2-1/2"]
[WhiteElo "2762"]
[BlackElo "2728"]
[EventDate "2024.03.26"]

1. d4 Nf6 2. Nf3 g6 3. c4 Bg7 4. e3 O-O 5. Be2 c5 6. d5 e6 7. Nc3 d6 8. O-O
exd5 9. cxd5 Bg4 10. h3 Bxf3 11. Bxf3 Qe7 12. Bd2 Nbd7 13. Qc2 a6 14. a4 c4
15. Be2 Rac8 16. Rfd1 Rfe8 17. Rac1 Nc5 18. Bxc4 Nce4 19. Bf1 Nxd2 20. Qxd2
Rc5 21. b4 Rc7 22. b5 axb5 23. Nxb5 Rxc1 24. Qxc1 Ne4 25. Bd3 Nc5 26. Qc4
Rc8 27. Bc2 Qd8 28. Qe2 h5 29. Rb1 Be5 30. Nd4 Qe7 31. Nf3 Bf6 32. Rb4 Qd8
33. g3 Kg7 34. Kg2 Qa5 35. Qb5 Qd8 36. Qe2 Qa5 37. Qb5 Qd8 38. Qe2 1/2-1/2

[Event "GRENKE Chess Classic"]
[Site "Karlsruhe"]
[Date "30.03.2024"]
[Round "7"]
[White "Rapport, Richard"]
[Black "Ding, Liren"]
[Result "1-0"]
[WhiteTitle "GM"]
[BlackTitle "GM"]
[WhiteElo "2720"]
[BlackElo "2762"]
[WhiteFideId "738590"]
[BlackFideId "8603677"]
[EventDate "2024.03.26"]

1. e4 e5 2. Bc4 Nf6 3. Nc3 Bc5 4. Nge2 O-O 5. O-O c6 6. d4 exd4 7. Nxd4 d5 8.
exd5 cxd5 9. Bb3 Bg4 10. f3 Nc6 11. Ne2 Bh5 12. c3 Re8 13. Bg5 Bg6 14. Kh1 Qb6
15. Bxf6 gxf6 16. Nf4 Ne7 17. Qd2 Kg7 18. Rfe1 Bxd4 19. Qxd4 Qxd4 20. cxd4 Nf5
21. Red1 Rad8 22. Rac1 Ne3 23. Re1 Nc4 24. Rxe8 Rxe8 25. h4 b5 26. Nxd5 Nxb2 27.
Rc7 a5 28. Nf4 a4 29. Bd5 Nd3 30. Nxg6 hxg6 31. Rxf7+ Kh6 32. Rxf6 Rd8 33. Bc6
Kg7 34. Re6 Rxd4 35. Bxb5 Rxh4+ 36. Kg1 Rd4 37. a3 g5 38. Re3 Nf4 39. Re4 Rd1+
40. Bf1 Nd5 41. Kf2 Rd2+ 42. Kg3 Rd1 43. Bc4 Nf4 44. Kg4 Nxg2 45. Kxg5 Ra1 46.
Re8 Rxa3 47. Rg8+ Kh7 48. Rf8 Rc3 49. Rf7+ Kg8 50. Be6 Re3 51. Bd5 a3 52. Kh6
Rd3 53. Bc4 Ne3 54. Rg7+ 1-0

[Event "GRENKE Chess Classic"]
[Site "Karlsruhe"]
[Date "30.03.2024"]
[Round "7"]
[White "Carlsen, Magnus"]
[Black "Fridman, Daniel"]
[Result "1-0"]
[WhiteTitle "GM"]
[BlackTitle "GM"]
[WhiteElo "2830"]
[BlackElo "2590"]
[WhiteFideId "1503014"]
[BlackFideId "11600454"]
[EventDate "2024.03.26"]

1. e4 e6 2. d4 d5 3. Nd2 c5 4. exd5 exd5 5. Bb5+ Nc6 6. Qe2+ Qe7 7. dxc5 Qxe2+
8. Nxe2 Bxc5 9. Nb3 Bb6 10. Bd2 Bd7 11. a4 a6 12. Bxc6 Bxc6 13. a5 Ba7 14. Bc3
f6 15. Bd4 Bb8 16. O-O-O Nh6 17. Bb6 Kf7 18. Ned4 Ng4 19. Nxc6 bxc6 20. c4 dxc4
21. Rd7+ Kg6 22. Nd2 Bf4 23. Kc2 Ne5 24. Rd4 Bxd2 25. Kxd2 c5 26. Bxc5 Rac8 27.
Bb6 c3+ 28. bxc3 Rc6 29. Rb1 Rhc8 30. Rb3 Re6 31. Kc2 Nc4 32. Rb4 Rec6 33. Kb3
Nxb6 34. axb6 Rb8 35. c4 Rbxb6 36. c5 Rxb4+ 37. Kxb4 f5 38. Kc4 Kf6 39. Kd5 Rc8
40. c6 Rd8+ 41. Kc5 Rc8 42. f4 1-0

[Event "GRENKE Chess Classic"]
[Site "Karlsruhe"]
[Date "30.03.2024"]
[Round "8"]
[White "Fridman, Daniel"]
[Black "Vachier-Lagrave, Maxime"]
[Result "1/2-1/2"]
[WhiteTitle "GM"]
[BlackTitle "GM"]
[WhiteElo "2590"]
[BlackElo "2728"]
[WhiteFideId "11600454"]
[BlackFideId "623539"]
[EventDate "2024.03.26"]

1. d4 Nf6 2. Nf3 g6 3. g3 Bg7 4. Bg2 d5 5. c4 c6 6. cxd5 cxd5 7. O-O O-O 8. Ne5
Nc6 9. Nc3 Bf5 10. Nxc6 bxc6 11. Bf4 Nh5 12. Bg5 h6 13. Be3 c5 14. h3 Be6 15. g4
cxd4 16. Bxd4 Nf6 17. Rb1 Rc8 18. Bxf6 Bxf6 19. Nxd5 Qa5 20. a4 Bxd5 21. b4 Bxg2
22. bxa5 Bxh3 23. Rb4 Rfd8 24. Rc4 Rb8 25. Qc1 Bxf1 26. Kxf1 Kg7 27. e3 Rb2 28.
Rc2 Rb4 29. Rc4 Rb2 30. Rc2 Rb4 31. Rc4 Rb2 1/2-1/2

[Event "GRENKE Chess Classic"]
[Site "Karlsruhe"]
[Date "30.03.2024"]
[Round "8"]
[White "Keymer, Vincent"]
[Black "Rapport, Richard"]
[Result "0-1"]
[WhiteTitle "GM"]
[BlackTitle "GM"]
[WhiteElo "2738"]
[BlackElo "2720"]
[WhiteFideId "12940690"]
[BlackFideId "738590"]
[EventDate "2024.03.26"]

1. d4 Nf6 2. c4 e6 3. Nc3 c5 4. d5 exd5 5. cxd5 d6 6. e4 g6 7. f4 Bg7 8. Bb5+
Nfd7 9. a4 Na6 10. Nf3 Nb4 11. O-O a6 12. Bxd7+ Bxd7 13. f5 O-O 14. Bg5 f6 15.
Bf4 gxf5 16. Qd2 Re8 17. Rae1 c4 18. exf5 Rxe1 19. Nxe1 Bxf5 20. Bxd6 Qxd6 21.
Rxf5 Re8 22. g3 Qd7 23. Rf1 f5 24. d6 b5 25. axb5 axb5 26. Ne2 Re6 27. Rxf5 Rxe2
28. Qxe2 Qxf5 29. Qe8+ Bf8 30. d7 Nc6 31. d8=Q Nxd8 32. Qxd8 b4 33. Qd1 Bc5+ 34.
Kg2 Qf2+ 35. Kh3 Qf1+ 36. Kg4 h5+ 0-1

[Event "GRENKE Chess Classic"]
[Site "Karlsruhe"]
[Date "31.03.2024"]
[Round "9"]
[White "Ding, Liren"]
[Black "Fridman, Daniel"]
[Result "1/2-1/2"]
[WhiteTitle "GM"]
[BlackTitle "GM"]
[WhiteElo "2762"]
[BlackElo "2590"]
[WhiteFideId "8603677"]
[BlackFideId "11600454"]
[EventDate "2024.03.26"]

1. c4 e6 2. Nc3 d5 3. d4 c6 4. e3 Nf6 5. Nf3 Nbd7 6. Be2 Bd6 7. O-O O-O 8. b3 b6
9. Bb2 Bb7 10. a4 Rc8 11. a5 bxa5 12. c5 Bc7 13. Ra4 Rb8 14. Qc2 Qc8 15. Re1 Ba6
16. Bd1 Re8 17. e4 e5 18. exd5 exd4 19. d6 Rxe1+ 20. Nxe1 Qe8 21. Ne4 Bd8 22.
Rxd4 Rb4 23. Rxb4 axb4 24. Nxf6+ Bxf6 25. Nf3 Bxb2 26. Qxb2 Qe4 27. Qd2 Qd3 28.
Qxd3 Bxd3 29. Nd4 Be4 30. Bf3 Bxf3 31. gxf3 Nxc5 32. Nxc6 Kf8 33. Nxa7 Nxb3 34.
Nc6 Ke8 35. Nxb4 Kd7 36. Kg2 Kxd6 37. f4 Nd4 38. Kg3 Ke6 39. Kg4 g6 40. Nd3 h5+
41. Kg3 Kf5 42. Ne5 f6 43. Nd7 Ne6 44. Kf3 h4 45. Ke3 Nc7 46. Ke2 Nd5 47. Kf3 h3
48. Kg3 Nxf4 49. f3 g5 50. Nc5 Ke5 51. Nd7+ Kf5 52. Nc5 1/2-1/2